[Event "Timisoara Cup-B 4th"]
[Site "Timisoara"]
[Date "2009.08.02"]
[Round "2"]
[White "Postolache, Viorel"]
[Black "Ungureanu, Emil"]
[Result "1/2-1/2"]
[WhiteElo "2097"]
[BlackElo "2215"]
[PlyCount "51"]
[EventDate "2009.08.01"]
[EventType "tourn"]
[EventRounds "9"]
[EventCountry "ROU"]
[SourceTitle "CBM 131 Extra"]
[Source "ChessBase"]
[SourceDate "2009.09.03"]
[SourceVersion "2"]
[SourceVersionDate "2009.09.16"]
[SourceQuality "1"]

1. e4 c5 2. Nf3 a6 3. d4 cxd4 4. Nxd4 Nf6 5. Nc3 e5 6. Nb3 Bb4 7. Qd3 d5 8. Bd2 d4 9. Nb1 Bxd2+ 10. N1xd2 0-0 11. c3 Nc6 12. Be2 dxc3 13. bxc3 Qe7 14. 0-0 Be6 15. Qe3 Rac8 16. a4 Rc7 17. Rab1 Rfc8 18. h3 Bxb3 19. Nxb3 Nd8 20. c4 Ne6 21. Rfd1 h6 22. Rd2 Rd7 23. Rdb2 Rdc7 24. Bd3 Qd8 25. Be2 Qe7 26. Bd3 1/2-1/2

[Event "Timisoara Brinzeu Memorial"]
[Site "Timisoara"]
[Date "2006.03.24"]
[Round "7"]
[White "Ungureanu, Emil"]
[Black "Grunberg, Mihai Lucian"]
[Result "0-1"]
[WhiteElo "2256"]
[BlackElo "2416"]
[PlyCount "67"]
[EventDate "2006.03.18"]
[EventType "swiss"]
[EventRounds "9"]
[EventCountry "ROU"]
[SourceTitle "CBM 111 Extra"]
[Source "ChessBase"]
[SourceDate "2006.05.09"]
[SourceVersion "1"]
[SourceVersionDate "2006.05.09"]
[SourceQuality "1"]

1. d4 d6 2. Nf3 g6 3. g3 Bg7 4. Bg2 Nf6 5. c3 0-0 6. 0-0 a5 7. a4 Nc6 8. Nbd2 e5 9. dxe5 dxe5 10. Nc4 Qe7 11. Bg5 h6 12. Bxf6 Bxf6 13. e4 Rd8 14. Qc2 Qc5 15. Ne3 Be6 16. Rfd1 Ne7 17. Bf1 Nc8 18. Rxd8+ Bxd8 19. Rd1 Nd6 20. b3 c6 21. c4 Bb6 22. h3 f6 23. Qb1 Ne8 24. Rd2 Rd8 25. Rxd8 Bxd8 26. Qd3 Bb6 27. Ne1 Nd6 28. N1c2 Kf7 29. Kh2 Ke7 30. Be2 h5 31. Bf3 Bc7 32. Nd1 b5 33. cxb5 cxb5 34. Nde3 0-1

[Event "ROM-chT"]
[Site "Tusnad"]
[Date "2004.05.06"]
[Round "6.5"]
[White "Navrotescu, Catalin"]
[Black "Ungureanu, Emil"]
[Result "1-0"]
[WhiteElo "2399"]
[BlackElo "2316"]
[PlyCount "180"]
[EventDate "2004.05.05"]
[EventType "team-tourn"]
[EventRounds "9"]
[EventCountry "ROU"]
[SourceTitle "EXT 2008"]
[Source "ChessBase"]
[SourceDate "2007.11.25"]
[SourceVersion "1"]
[SourceVersionDate "2007.11.25"]
[SourceQuality "1"]

1. d4 c5 2. d5 e5 3. e4 d6 4. Nc3 a6 5. Be2 Nd7 6. a4 Be7 7. Nf3 Nf8 8. h4 b6 9. g3 Nf6 10. Kf1 N8d7 11. Kg2 0-0 12. Nd2 Ne8 13. Nc4 Rb8 14. Ne3 Ndf6 15. g4 Nc7 16. Nf5 Nfe8 17. Be3 b5 18. axb5 axb5 19. b4 cxb4 20. Na2 Na6 21. Rb1 Nec7 22. Nxb4 Nxb4 23. Rxb4 Bd7 24. Qd2 Re8 25. h5 Qc8 26. Rhb1 Bf8 27. f3 Ra8 28. R4b2 Ra3 29. Bb6 Qb7 30. Bxc7 Qxc7 31. Bxb5 Bxb5 32. Rxb5 Rc3 33. R1b2 Rc8 34. R5b3 Rxc2 35. Rxc2 Qxc2 36. Qxc2 Rxc2+ 37. Kg3 g6 38. hxg6 hxg6 39. Ne3 Rc8 40. g5 Be7 41. f4 Rc1 42. fxe5 dxe5 43. Ng4 Kg7 44. Rb7 Rg1+ 45. Kh3 Bxg5 46. Nxe5 Rf1 47. d6 Rf4 48. d7 Rh4+ 49. Kg3 Rxe4 50. Nxf7 Bh4+ 51. Kh3 Be7 52. Ng5 Re3+ 53. Kg4 Rd3 54. d8Q Rxd8 55. Rxe7+ Kf6 56. Re6+ Kg7 57. Nf3 Rf8 58. Ne5 Rf6 59. Re7+ Kf8 60. Ra7 Ke8 61. Rb7 Re6 62. Kf4 Kd8 63. Rg7 Kc8 64. Nxg6 Re1 65. Kf5 Kb8 66. Ne5 Rc1 67. Ke6 Rc7 68. Rg1 Rh7 69. Kd6 Kb7 70. Rb1+ Kc8 71. Kd5 Kc7 72. Kc5 Rh5 73. Kd5 Rh7 74. Ra1 Kb7 75. Ra2 Rh1 76. Rg2 Rh7 77. Rg6 Rh1 78. Rg7+ Kc8 79. Nc6 Rd1+ 80. Nd4 Kd8 81. Ke5 Kc8 82. Rh7 Rd2 83. Ne6 Kb8 84. Nf4 Rd1 85. Nd5 Rg1 86. Kd6 Rg3 87. Kc5 Rg1 88. Nb4 Rg5+ 89. Kb6 Kc8 90. Nc6 Rg1 1-0

[Event "ROM-chT"]
[Site "Tusnad"]
[Date "2004.05.03"]
[Round "3.5"]
[White "Ungureanu, Emil"]
[Black "Ungureanu, Vlad"]
[Result "1/2-1/2"]
[WhiteElo "2316"]
[BlackElo "2282"]
[PlyCount "76"]
[EventDate "2004.05.05"]
[EventType "team-tourn"]
[EventRounds "9"]
[EventCountry "ROU"]
[SourceTitle "EXT 2008"]
[Source "ChessBase"]
[SourceDate "2007.11.25"]
[SourceVersion "1"]
[SourceVersionDate "2007.11.25"]
[SourceQuality "1"]

1. d4 Nf6 2. Bg5 c5 3. Bxf6 gxf6 4. dxc5 Qa5+ 5. c3 Qxc5 6. Nd2 Qc7 7. g3 d5 8. Bg2 e6 9. e4 dxe4 10. Nxe4 Be7 11. Ne2 Nc6 12. Nd4 Nxd4 13. Qxd4 e5 14. Qe3 f5 15. Nd2 Be6 16. Nf3 Bf6 17. 0-0 0-0 18. Rfe1 e4 19. Nd4 Rad8 20. Red1 Qb6 21. Nxe6 Qxe3 22. fxe3 fxe6 23. Kf2 Kf7 24. Bf1 Ke7 25. Be2 Be5 26. Rxd8 Rxd8 27. Rd1 Rc8 28. Bb5 Bd6 29. Ba4 a6 30. Rd2 h5 31. Bd1 Rh8 32. Kg1 h4 33. gxh4 Rxh4 34. Rg2 Kf6 35. Rd2 Bc5 36. Rd7 Bxe3+ 37. Kg2 b6 38. h3 Rh8 1/2-1/2

[Event "Cappelle op 19th"]
[Site "Cappelle la Grande"]
[Date "2003.02.24"]
[Round "4"]
[White "Ungureanu, Emil"]
[Black "Tratar, Marko"]
[Result "1-0"]
[WhiteElo "2302"]
[BlackElo "2451"]
[PlyCount "83"]
[EventDate "2003.02.22"]
[EventType "swiss"]
[EventRounds "9"]
[EventCountry "FRA"]
[SourceTitle "CBM 092 Extra"]
[Source "ChessBase"]
[SourceDate "2003.03.07"]
[SourceVersion "1"]
[SourceVersionDate "2003.03.07"]
[SourceQuality "1"]

1. d4 d6 2. Nf3 Nf6 3. c4 g6 4. Nc3 Bg7 5. e4 0-0 6. Be2 e5 7. dxe5 dxe5 8. Qxd8 Rxd8 9. Nd5 Nxd5 10. cxd5 c6 11. Bc4 b5 12. Bb3 Bb7 13. Bg5 Rc8 14. Rc1 Nd7 15. dxc6 Bxc6 16. Be3 Nb6 17. Nd2 Na4 18. Rc2 Bb7 19. Kd1 Bf8 20. f3 Rxc2 21. Kxc2 Rc8+ 22. Kb1 Bc5 23. Bxc5 Nxc5 24. Rc1 Nd3 25. Rxc8+ Bxc8 26. Bd1 Kf8 27. Be2 Nf4 28. Bf1 a6 29. Kc2 Ke7 30. Kc3 Kd6 31. Kb4 Kc6 32. a4 bxa4 33. Kxa4 Ne6 34. b4 Nd4 35. Ka5 Nb5 36. Nb3 Nd4 37. Nc5 Nc2 38. Bxa6 Bxa6 39. Nxa6 Ne1 40. b5+ Kb7 41. Nc5+ Ka8 42. Kb6 1-0

[Event "Ghiocelul op"]
[Site "Ghiocelul"]
[Date "2000.??.??"]
[Round "?"]
[White "Grecescu, Gabriel Andrei"]
[Black "Ungureanu, Emil"]
[Result "0-1"]
[WhiteElo "2105"]
[BlackElo "2315"]
[PlyCount "98"]
[EventDate "2000.??.??"]
[EventType "swiss"]
[EventRounds "9"]
[EventCountry "ROU"]
[SourceTitle "EXT 2004"]
[Source "ChessBase"]
[SourceDate "2003.11.25"]
[SourceVersion "1"]
[SourceVersionDate "2003.11.25"]
[SourceQuality "1"]

1. e4 c5 2. Nf3 d6 3. d4 cxd4 4. Nxd4 Nf6 5. Nc3 a6 6. Bc4 e6 7. Bb3 Nbd7 8. 0-0 Nc5 9. Re1 Be7 10. Qf3 0-0 11. Qg3 Kh8 12. f3 Bd7 13. Be3 b5 14. Rad1 Qc8 15. Rd2 b4 16. Nd1 a5 17. c3 e5 18. Ne2 Nxb3 19. axb3 Be6 20. c4 a4 21. bxa4 Qxc4 22. Bg5 Rxa4 23. Ne3 Qa6 24. Bxf6 Bxf6 25. Nd5 Bd8 26. h3 Ra2 27. Nc1 Bxd5 28. exd5 Ra1 29. Kh2 h6 30. Nd3 b3 31. Rxa1 Qxa1 32. Qf2 Bg5 33. f4 exf4 34. Nxf4 Re8 35. h4 Bf6 36. Nh5 Be5+ 37. g3 Re7 38. Qb6 Qe1 39. Rg2 g6 40. Qd8+ Kh7 41. Qxe7 Bxg3+ 42. Nxg3 Qxe7 43. h5 Qh4+ 44. Kg1 Qd4+ 45. Rf2 Qxd5 46. hxg6+ fxg6 47. Ne2 h5 48. Nc3 Qe5 49. Re2 Qg3+ 0-1

[Event "Pardubice op-B"]
[Site "Pardubice"]
[Date "2000.??.??"]
[Round "8"]
[White "Novotny, Jaroslav"]
[Black "Ungureanu, Emil"]
[Result "1/2-1/2"]
[WhiteElo "2220"]
[BlackElo "2316"]
[PlyCount "103"]
[EventDate "2000.07.??"]
[EventType "swiss"]
[EventRounds "9"]
[EventCountry "CZE"]
[SourceTitle "EXT 2001"]
[Source "ChessBase"]
[SourceDate "2000.11.22"]
[SourceVersion "1"]
[SourceVersionDate "2000.11.22"]
[SourceQuality "1"]

1. e3 c5 2. d3 b6 3. b3 Bb7 4. Bb2 Nf6 5. Nd2 e6 6. Ne2 Be7 7. a3 d6 8. c4 Nbd7 9. Qc2 a6 10. Rg1 0-0 11. g4 Ne8 12. f4 e5 13. g5 Qc7 14. 0-0-0 d5 15. f5 f6 16. cxd5 Bxd5 17. e4 Bc6 18. Nf3 b5 19. Ng3 fxg5 20. h4 gxh4 21. Nh5 Qd6 22. f6 Bxf6 23. Qh2 Be7 24. Nxe5 Qh6+ 25. Kc2 Bd6 26. Be2 Nxe5 27. Bxe5 Bxe5 28. Qxe5 Ra7 29. Bg4 Rf2+ 30. Kb1 Qd6 31. Be6+ Kh8 32. Qxd6 Nxd6 33. Rdf1 Rxf1+ 34. Rxf1 Ra8 35. e5 Nb7 36. Rf7 h6 37. Rxg7 Bf3 38. Rg6 Bxh5 39. Rxh6+ Kg7 40. Rxh5 Re8 41. Bd7 Re7 42. e6 Nd8 43. Rxh4 Nxe6 44. Bxe6 Rxe6 45. Rh5 Rc6 46. Kc2 Kf7 47. Kc3 Ke7 48. a4 Kd7 49. axb5 axb5 50. b4 cxb4+ 51. Kxb4 Rd6 52. Kxb5 1/2-1/2

[Event "Ghiocelul op"]
[Site "Ghiocelul"]
[Date "2000.??.??"]
[Round "?"]
[White "Oprisoni, Gratian Doru"]
[Black "Ungureanu, Emil"]
[Result "0-1"]
[WhiteElo "1740"]
[BlackElo "2315"]
[PlyCount "83"]
[EventDate "2000.??.??"]
[EventType "swiss"]
[EventRounds "9"]
[EventCountry "ROU"]
[SourceTitle "EXT 2004"]
[Source "ChessBase"]
[SourceDate "2003.11.25"]
[SourceVersion "1"]
[SourceVersionDate "2003.11.25"]
[SourceQuality "1"]

1. e4 c5 2. b3 Nc6 3. Bb2 d6 4. Ne2 Nf6 5. Nbc3 e6 6. d4 Qa5 7. Qd2 Be7 8. g3 0-0 9. Bg2 e5 10. dxe5 dxe5 11. Nd5 Qxd2+ 12. Kxd2 Rd8 13. c4 Ne8 14. Kc2 Bf8 15. Rad1 Nd4+ 16. Nxd4 cxd4 17. f4 f6 18. Rhf1 Bd6 19. h3 Be6 20. Kd3 Rac8 21. Rc1 Nc7 22. Rc2 Na6 23. Kd2 Bd7 24. Rfc1 b5 25. Bf1 Nb4 26. Nxb4 Bxb4+ 27. Kd1 d3 28. Rh2 bxc4 29. Bc3 Ba3 30. Ra1 cxb3 31. axb3 Rxc3 32. Rxa3 Rdc8 33. Ra1 Be6 34. Rb2 Bxb3+ 35. Kd2 Rc2+ 36. Rxc2 dxc2 37. Bd3 Rc7 38. Rc1 g5 39. f5 a5 40. Rg1 h6 41. h4 c1Q+ 42. Rxc1 0-1

[Event "Wattens op 14th"]
[Site "Wattens"]
[Date "1999.??.??"]
[Round "4"]
[White "Enders, Peter"]
[Black "Ungureanu, Emil"]
[Result "1-0"]
[WhiteElo "2490"]
[BlackElo "2325"]
[PlyCount "93"]
[EventDate "1999.??.??"]
[EventType "swiss"]
[EventRounds "9"]
[EventCountry "AUT"]
[SourceTitle "EXT 2001"]
[Source "ChessBase"]
[SourceDate "2000.11.22"]
[SourceVersion "1"]
[SourceVersionDate "2000.11.22"]
[SourceQuality "1"]

1. e4 c5 2. Nf3 a6 3. g3 d6 4. Bg2 Nf6 5. Nc3 e6 6. 0-0 Nc6 7. d4 cxd4 8. Nxd4 Bd7 9. Nxc6 Bxc6 10. Be3 Be7 11. f4 Rc8 12. f5 0-0 13. fxe6 fxe6 14. Bh3 Bd7 15. Qd3 Qa5 16. Ne2 d5 17. e5 Ne4 18. Rxf8+ Bxf8 19. Nf4 Ng5 20. Bg4 Nf7 21. Bxe6 Bxe6 22. Nxe6 d4 23. Bxd4 Nxe5 24. Qf5 Nc6 25. Qxa5 Nxa5 26. Rf1 g6 27. Rxf8+ Rxf8 28. Nxf8 Kxf8 29. Kf2 Ke7 30. Ke3 Ke6 31. Ke4 Nc4 32. Kd3 b5 33. b3 Na5 34. Ke4 Nc6 35. c3 h5 36. Be3 Ne5 37. h3 Nc6 38. Bf4 a5 39. a4 bxa4 40. bxa4 Ne7 41. Bc7 Nc6 42. Bb6 Kd6 43. Kf4 Ke6 44. Kg5 Kf7 45. Kh6 Kf6 46. g4 hxg4 47. hxg4 1-0

[Event "Timisoara op"]
[Site "Timisoara"]
[Date "1999.??.??"]
[Round "?"]
[White "Grunberg, Florin"]
[Black "Ungureanu, Emil"]
[Result "0-1"]
[WhiteElo "2200"]
[BlackElo "2325"]
[PlyCount "76"]
[EventDate "1999.??.??"]
[EventType "swiss"]
[EventRounds "9"]
[EventCountry "ROU"]
[SourceTitle "EXT 2004"]
[Source "ChessBase"]
[SourceDate "2003.11.25"]
[SourceVersion "1"]
[SourceVersionDate "2003.11.25"]
[SourceQuality "1"]

1. Nf3 d5 2. c4 c6 3. g3 Bg4 4. Bg2 e6 5. 0-0 Nd7 6. d4 Ngf6 7. b3 Bd6 8. Bb2 Qb8 9. Nbd2 0-0 10. Re1 Bb4 11. a3 Be7 12. b4 a5 13. c5 b6 14. Bc3 axb4 15. axb4 Qb7 16. Qc2 Bf5 17. Qb2 h6 18. Rxa8 Rxa8 19. Ra1 Ra7 20. Rxa7 Qxa7 21. Bf1 Ne8 22. e3 Nc7 23. Nb3 Qa4 24. Nfd2 Nb5 25. Qa1 Nxc3 26. Qxc3 Bf6 27. cxb6 Nxb6 28. Na5 Qd1 29. Nxc6 Bh3 30. Na5 Na4 31. Qd3 Bxf1 32. Qxf1 Qxd2 33. Nc6 Nc3 34. Kg2 Qb2 35. Qa6 Ne4 36. Qf1 Qc2 37. b5 Qd2 38. Na7 Bd8 0-1

[Event "Wattens op 14th"]
[Site "Wattens"]
[Date "1999.??.??"]
[Round "2"]
[White "Heyl, Thomas"]
[Black "Ungureanu, Emil"]
[Result "0-1"]
[WhiteElo "2060"]
[BlackElo "2325"]
[PlyCount "114"]
[EventDate "1999.??.??"]
[EventType "swiss"]
[EventRounds "9"]
[EventCountry "AUT"]
[SourceTitle "EXT 2001"]
[Source "ChessBase"]
[SourceDate "2000.11.22"]
[SourceVersion "1"]
[SourceVersionDate "2000.11.22"]
[SourceQuality "1"]

1. d4 c5 2. c3 e6 3. Nf3 Nf6 4. Bg5 Qb6 5. Qb3 d5 6. Bxf6 gxf6 7. Qxb6 axb6 8. Nbd2 f5 9. e3 c4 10. a3 Rg8 11. g3 Bd7 12. Be2 Ba4 13. Bd1 Bd6 14. Bxa4+ Rxa4 15. Ke2 Nd7 16. Rad1 Ke7 17. Nh4 Ra5 18. Ndf3 b5 19. Rd2 Nb6 20. Rc1 Na4 21. Rcc2 Ra6 22. Rd1 Nb6 23. Kf1 Nd7 24. Re2 Nf6 25. Rc2 Ne4 26. Nd2 Kd7 27. Ndf3 Be7 28. Ne5+ Ke8 29. Nef3 Kd8 30. Ng2 Kc7 31. Ne5 Rg7 32. Nf3 Kb6 33. Nd2 Bg5 34. Nxe4 fxe4 35. Nf4 Rg8 36. Ke2 Ka5 37. f3 exf3+ 38. Kxf3 Ka4 39. e4 Bxf4 40. Kxf4 Kb3 41. Re2 dxe4 42. Kxe4 Rg4+ 43. Ke3 f5 44. Kf3 Re4 45. Rdd2 b4 46. axb4 Rxe2 47. Rxe2 Ra2 48. Rxe6 Rxb2 49. Re3 Rc2 50. h4 Rxc3 51. Rxc3+ Kxc3 52. d5 Kxb4 53. d6 c3 54. d7 c2 55. d8Q c1Q 56. Qb6+ Kc3 57. Qxb7 Qh1+ 0-1

[Event "Timisoara op"]
[Site "Timisoara"]
[Date "1999.??.??"]
[Round "?"]
[White "Mihai, Narcisa"]
[Black "Ungureanu, Emil"]
[Result "0-1"]
[WhiteElo "1790"]
[BlackElo "2325"]
[PlyCount "77"]
[EventDate "1999.??.??"]
[EventType "swiss"]
[EventRounds "9"]
[EventCountry "ROU"]
[SourceTitle "EXT 2004"]
[Source "ChessBase"]
[SourceDate "2003.11.25"]
[SourceVersion "1"]
[SourceVersionDate "2003.11.25"]
[SourceQuality "1"]

1. e4 c5 2. Nc3 Nc6 3. g3 g6 4. Bg2 Rb8 5. d3 b5 6. Be3 d6 7. Qd2 Bg7 8. Nge2 b4 9. Nd1 h5 10. d4 cxd4 11. Nxd4 Ne5 12. Qe2 Qa5 13. Nb3 Qa4 14. f4 Ba6 15. Qd2 Nc4 16. Qc1 Nxe3 17. Qxe3 Rb6 18. Bf1 Bxf1 19. Rxf1 Nf6 20. c3 Ng4 21. Qd2 bxc3 22. Nxc3 Bxc3 23. Qxc3 Qxe4+ 24. Kd2 Qg2+ 25. Ke1 0-0 26. Rd1 Rc6 27. Qd3 Qxb2 28. h3 Nf6 29. Rf3 Rfc8 30. Rd2 Rc2 31. f5 R8c3 32. Rxc2 Rxd3 33. Rxb2 Rxf3 34. fxg6 fxg6 35. Rg2 Kf7 36. Ke2 Rc3 37. Kd2 Ne4+ 38. Kd1 Rxg3 39. Rh2 0-1

[Event "Wattens op 14th"]
[Site "Wattens"]
[Date "1999.??.??"]
[Round "8"]
[White "Neuschmied, Siegfried"]
[Black "Ungureanu, Emil"]
[Result "1/2-1/2"]
[WhiteElo "2165"]
[BlackElo "2325"]
[PlyCount "67"]
[EventDate "1999.??.??"]
[EventType "swiss"]
[EventRounds "9"]
[EventCountry "AUT"]
[SourceTitle "EXT 2001"]
[Source "ChessBase"]
[SourceDate "2000.11.22"]
[SourceVersion "1"]
[SourceVersionDate "2000.11.22"]
[SourceQuality "1"]

1. e4 c5 2. Nf3 a6 3. c3 d5 4. exd5 Qxd5 5. d4 e6 6. Bd3 Nf6 7. 0-0 Nbd7 8. c4 Qd6 9. Bc2 cxd4 10. Nxd4 Qc7 11. b3 Bd6 12. h3 b6 13. Qe2 Bb7 14. Nd2 0-0 15. Ne4 Nxe4 16. Bxe4 Bxe4 17. Qxe4 Nc5 18. Qe2 Rad8 19. Bb2 Rd7 20. Nf3 Nd3 21. Bd4 Nf4 22. Qe3 Bc5 23. Bxc5 bxc5 24. Rfd1 Rfd8 25. Rxd7 Rxd7 26. g3 Ng6 27. Qe4 Qc8 28. Re1 h6 29. Ne5 Nxe5 30. Qxe5 Qc6 31. Qe3 Rd4 32. Re2 Qd6 33. Qe5 Rd1+ 34. Kg2 1/2-1/2

[Event "Timisoara op"]
[Site "Timisoara"]
[Date "1999.??.??"]
[Round "?"]
[White "Ungureanu, Emil"]
[Black "Grunberg, Mihai Lucian"]
[Result "0-1"]
[WhiteElo "2325"]
[BlackElo "2375"]
[PlyCount "97"]
[EventDate "1999.??.??"]
[EventType "swiss"]
[EventRounds "9"]
[EventCountry "ROU"]
[SourceTitle "EXT 2004"]
[Source "ChessBase"]
[SourceDate "2003.11.25"]
[SourceVersion "1"]
[SourceVersionDate "2003.11.25"]
[SourceQuality "1"]

1. d4 f5 2. g3 Nf6 3. Bg2 g6 4. c4 Bg7 5. b3 0-0 6. Bb2 c6 7. e3 d5 8. Nf3 Be6 9. 0-0 a5 10. Nbd2 Ne4 11. Nxe4 fxe4 12. Nd2 Qd7 13. Rc1 Na6 14. cxd5 cxd5 15. a3 Rac8 16. Qe2 Bf5 17. Bc3 a4 18. b4 Nc7 19. Bb2 h5 20. f3 exf3 21. Nxf3 Qb5 22. Qxb5 Nxb5 23. Rxc8 Rxc8 24. Rc1 Rxc1+ 25. Bxc1 Kf7 26. Kf2 Bh6 27. Bf1 Nd6 28. Ne5+ Ke6 29. Nd3 Ne4+ 30. Ke1 Kd6 31. Ne5 Bg7 32. Bb2 Bxe5 33. dxe5+ Ke6 34. Bb5 Ng5 35. h4 Nf3+ 36. Ke2 Nxe5 37. Bxa4 Bg4+ 38. Kf1 Bh3+ 39. Ke2 Bg4+ 40. Kf1 Nc4 41. Bc1 Ke5 42. Kf2 Bf5 43. Bd1 Bd3 44. Kf3 Kf5 45. a4 Ne5+ 46. Kf2 Ke4 47. Be2 Bb1 48. Ba3 Nc4 49. Bc1 0-1

[Event "Timisoara op"]
[Site "Timisoara"]
[Date "1999.??.??"]
[Round "?"]
[White "Ungureanu, Emil"]
[Black "Oprisoni, Gratian Doru"]
[Result "1-0"]
[WhiteElo "2325"]
[BlackElo "1900"]
[PlyCount "70"]
[EventDate "1999.??.??"]
[EventType "swiss"]
[EventRounds "9"]
[EventCountry "ROU"]
[SourceTitle "EXT 2004"]
[Source "ChessBase"]
[SourceDate "2003.11.25"]
[SourceVersion "1"]
[SourceVersionDate "2003.11.25"]
[SourceQuality "1"]

1. d4 Nf6 2. Bg5 d5 3. Bxf6 exf6 4. e3 Bd6 5. Bd3 Nc6 6. c3 Ne7 7. Nd2 Be6 8. Ne2 Qd7 9. a3 Bf5 10. e4 Bg6 11. Qc2 Qg4 12. 0-0 0-0 13. f3 Qh5 14. f4 dxe4 15. Nxe4 Bxe4 16. Bxe4 c6 17. Rf3 g6 18. Ng3 Qh4 19. f5 Rae8 20. Nf1 Nd5 21. Bxd5 cxd5 22. Qf2 Qxf2+ 23. Kxf2 Kg7 24. Ne3 Re4 25. Nxd5 Rfe8 26. Re3 gxf5 27. Rae1 b5 28. h3 h5 29. Kf3 R8e6 30. Nb4 Rf4+ 31. Ke2 h4 32. Nd3 Rfe4 33. Kf3 a5 34. Rxe4 fxe4+ 35. Rxe4 Re7 1-0

[Event "Mos Craciun Cup op "]
[Site "Romania"]
[Date "1999.??.??"]
[Round "?"]
[White "Ungureanu, Emil"]
[Black "Rendi, Eva"]
[Result "1/2-1/2"]
[WhiteElo "2325"]
[BlackElo "2060"]
[PlyCount "90"]
[EventDate "1999.??.??"]
[EventType "swiss"]
[EventRounds "9"]
[EventCountry "ROU"]
[SourceTitle "EXT 2004"]
[Source "ChessBase"]
[SourceDate "2003.11.25"]
[SourceVersion "1"]
[SourceVersionDate "2003.11.25"]
[SourceQuality "1"]

1. Nf3 Nf6 2. g3 g6 3. b3 Bg7 4. Bb2 d6 5. Bg2 e5 6. c4 0-0 7. 0-0 Nc6 8. e3 Nh5 9. d4 f5 10. Nc3 exd4 11. Nxd4 Ne5 12. Qd2 c6 13. f4 Nf7 14. e4 fxe4 15. Nxe4 Nf6 16. Ng5 Nxg5 17. fxg5 Ng4 18. Rxf8+ Qxf8 19. Rf1 Qe7 20. Re1 Ne5 21. Kh1 Bd7 22. Nf3 Re8 23. c5 Qf7 24. Rf1 Nxf3 25. Rxf3 Qe6 26. Bxg7 Qe1+ 27. Qxe1 Rxe1+ 28. Rf1 Rxf1+ 29. Bxf1 Kxg7 30. cxd6 b5 31. h4 Kf7 32. Bd3 Ke6 33. h5 Be8 34. Kg2 Kxd6 35. Kf3 Kd5 36. Ke3 c5 37. Be4+ Ke5 38. a3 a5 39. h6 Bf7 40. Bc2 c4 41. b4 a4 42. Be4 c3 43. Bd3 Be8 44. Be4 Bf7 45. Bd3 Be8 1/2-1/2

[Event "Budapest Ponzugyor"]
[Site "Budapest"]
[Date "1998.??.??"]
[Round "?"]
[White "Hallossy, Tibor"]
[Black "Ungureanu, Emil"]
[Result "0-1"]
[WhiteElo "2145"]
[BlackElo "2325"]
[PlyCount "126"]
[EventDate "1998.??.??"]
[EventType "tourn"]
[EventRounds "9"]
[EventCountry "HUN"]
[EventCategory "2"]
[SourceTitle "EXT 2002"]
[Source "ChessBase"]
[SourceDate "2001.11.25"]
[SourceVersion "1"]
[SourceVersionDate "2001.11.25"]
[SourceQuality "1"]

1. Nf3 c5 2. c4 Nf6 3. Nc3 b6 4. g3 Bb7 5. Bg2 e6 6. 0-0 Be7 7. d3 0-0 8. Bg5 d6 9. Qd2 Nbd7 10. e4 h6 11. Bxf6 Bxf6 12. Rfe1 a6 13. Rab1 Qc7 14. Qe2 Bc6 15. Rec1 Rab8 16. a3 Rfe8 17. b4 Ba8 18. b5 a5 19. Qc2 Bb7 20. Re1 Rbd8 21. Re2 Nf8 22. Rbe1 Bxc3 23. Qxc3 e5 24. Bh3 Bc8 25. Bxc8 Qxc8 26. Kg2 Ne6 27. Qd2 Nf4+ 28. Kg1 Nxe2+ 29. Rxe2 f5 30. Nh4 f4 31. Nf5 g6 32. Nh4 Qg4 33. f3 Qg5 34. Ng2 fxg3 35. Qxg5 gxh2+ 36. Kxh2 hxg5 37. Ne3 Kg7 38. Kg3 Rh8 39. Rh2 Rh5 40. Ng4 Rdh8 41. Kg2 Rf8 42. a4 Rf4 43. Kg3 Rh4 44. Ra2 Rh1 45. Kg2 Rd1 46. Nf2 Rb1 47. Ng4 Rxg4+ 48. fxg4 Rb3 49. Rd2 Ra3 50. Rd1 Rxa4 51. Kf3 Ra2 52. Rg1 a4 53. Rd1 a3 54. Ke3 Rb2 55. Ra1 a2 56. Kf3 Kf6 57. Ke3 Ke7 58. Kf3 Kd7 59. Ke3 Kc7 60. Kf3 Kb7 61. Ke3 Rh2 62. Kf3 Rh3+ 63. Ke2 Rg3 0-1

[Event "Budapest Ponzugyor"]
[Site "Budapest"]
[Date "1998.??.??"]
[Round "?"]
[White "Ungureanu, Emil"]
[Black "Pottornyai, Laszlo"]
[Result "1-0"]
[WhiteElo "2325"]
[BlackElo "2200"]
[PlyCount "113"]
[EventDate "1998.??.??"]
[EventType "tourn"]
[EventRounds "9"]
[EventCountry "HUN"]
[EventCategory "2"]
[SourceTitle "EXT 2002"]
[Source "ChessBase"]
[SourceDate "2001.11.25"]
[SourceVersion "1"]
[SourceVersionDate "2001.11.25"]
[SourceQuality "1"]

1. d4 Nf6 2. Bg5 g6 3. Bxf6 exf6 4. e3 d5 5. Bd3 Be6 6. Nd2 Nd7 7. Ne2 Bd6 8. c4 c6 9. Nc3 dxc4 10. Bxc4 Bxc4 11. Nxc4 Bc7 12. Qb3 Nb6 13. Nd2 0-0 14. h4 Qe7 15. h5 Qe6 16. 0-0-0 Qxb3 17. Nxb3 Rfd8 18. Nc5 Rab8 19. Rh3 Kg7 20. hxg6 hxg6 21. Rdh1 Kf8 22. Ne6+ fxe6 23. Ne4 e5 24. Rh8+ Ke7 25. R8h7+ Ke6 26. Rxc7 exd4 27. exd4 Rxd4 28. Re1 f5 29. Ng5+ Kd6 30. Rg7 Nd5 31. Rxg6+ Kc5 32. Ne6+ Kc4 33. Nxd4 Kxd4 34. Rd1+ Ke5 35. g3 a5 36. Kd2 Rd8 37. Ke2 f4 38. g4 a4 39. a3 Rf8 40. Kf3 Rh8 41. Rg5+ Kd6 42. Rgxd5+ cxd5 43. Kxf4 Rf8+ 44. Kg3 Ke5 45. Re1+ Kd4 46. f4 Kd3 47. Rd1+ Ke4 48. Re1+ Kd3 49. Kf3 Kd2 50. Re2+ Kd1 51. Rh2 Re8 52. g5 d4 53. f5 d3 54. g6 Re2 55. Rh7 Ke1 56. Rh1+ Kd2 57. g7 1-0

[Event "ROM-chT"]
[Site "Baile Tusnad"]
[Date "1997.??.??"]
[Round "?"]
[White "Golubev, Mikhail"]
[Black "Ungureanu, Emil"]
[Result "1/2-1/2"]
[WhiteElo "2530"]
[BlackElo "2320"]
[PlyCount "52"]
[EventDate "1997.??.??"]
[EventType "team-tourn"]
[EventRounds "5"]
[EventCountry "ROU"]
[SourceTitle "EXT 1999"]
[Source "ChessBase"]
[SourceDate "1998.11.16"]
[SourceVersion "1"]
[SourceVersionDate "1998.11.16"]
[SourceQuality "1"]

1. e4 c5 2. Nf3 a6 3. c3 d5 4. exd5 Qxd5 5. d4 e6 6. Be2 Nf6 7. 0-0 Nbd7 8. Re1 Be7 9. c4 Qd6 10. Nc3 0-0 11. Bg5 cxd4 12. Qxd4 Qxd4 13. Nxd4 Bb4 14. Bd2 Rd8 15. a3 Bc5 16. Be3 e5 17. Nf5 Bxe3 18. Nxe3 Nc5 19. Ned5 Nxd5 20. Nxd5 Be6 21. Nc7 Rac8 22. Nxe6 Nxe6 23. Bf3 Rxc4 24. Rxe5 b6 25. Be2 Rc2 26. Bxa6 Rxb2 1/2-1/2

[Event "Wattens op 12th"]
[Site "Wattens"]
[Date "1997.??.??"]
[Round "?"]
[White "Lawitsch, Guenther"]
[Black "Ungureanu, Emil"]
[Result "1/2-1/2"]
[WhiteElo "2300"]
[BlackElo "2330"]
[PlyCount "24"]
[EventDate "1997.??.??"]
[EventType "swiss"]
[EventRounds "9"]
[EventCountry "AUT"]
[SourceTitle "EXT 2000"]
[Source "ChessBase"]
[SourceDate "1999.11.16"]
[SourceVersion "1"]
[SourceVersionDate "1999.11.16"]
[SourceQuality "1"]

1. e4 c5 2. Nf3 a6 3. d4 cxd4 4. Nxd4 Nf6 5. Nc3 e5 6. Nb3 Bb4 7. Bd3 d5 8. exd5 e4 9. Be2 Nxd5 10. Bd2 Nxc3 11. Bxc3 Bxc3+ 12. bxc3 Qe7 1/2-1/2